[Event "Irish International Open 2019"]
[Site "Dublin IRL"]
[Date "2019.04.20"]
[Round "5.18"]
[White "Fitzsimons, David"]
[Black "Sokolinsky, Yaakov"]
[Result "1-0"]
[WhiteTitle "IM"]
[WhiteElo "2299"]
[BlackElo "1884"]
[WhiteICU "2343"]
[WhiteClub "Elm Mount"]
[WhiteNationality "IRL"]
[BlackNationality "ISR"]
[WhiteFideId "2501961"]
[BlackFideId "2815435"]
[PlyCount "69"]
[EventDate "2019.04.17"]
[ICUid "50194"]
[HashCode "42c6d114"]

{ Event information: <a
href="http://www.irlchess.com/irishopen2019_allfiles/pairings_irishopen2019.html">Tournament
report</a>. }

1. e4 c6 2. d4 d5 3. exd5 cxd5 4. c3 Nc6 5. Nf3 Nf6 6. Bf4 Bg4 7. Qb3 Qb6
8. Nbd2 Bxf3 9. Nxf3 e6 10. Qc2 Be7 11. Bd3 O-O 12. O-O Rfc8 13. Qe2 a6 14.
Rfe1 Qd8 15. Rad1 b5 16. a3 Ra7 17. h3 Bd6 18. Ne5 Qc7 19. Bg5 Bxe5 20.
dxe5 Nd7 21. f4 Qb6+ 22. Kh1 Nf8 23. Qg4 Rac7 24. h4 d4 25. h5 dxc3 26.
bxc3 Ne7 27. Bf6 g6 28. Qg5 Nf5 29. Bxf5 exf5 30. Bd8 Ne6 31. Qf6 Qc5 32.
Bxc7 Qxc7 33. Rd6 Nxf4 34. Red1 Ne6 35. Rd7 1-0

[Event "Irish International Open 2019"]
[Site "Dublin IRL"]
[Date "2019.04.20"]
[Round "5.21"]
[White "O'Mahoney, Keegan"]
[Black "Longson, Sarah N."]
[Result "1-0"]
[BlackTitle "WFM"]
[WhiteElo "1875"]
[BlackElo "2123"]
[WhiteICU "1857"]
[WhiteClub "Cork"]
[WhiteNationality "IRL"]
[BlackNationality "ENG"]
[WhiteFideId "2506190"]
[BlackFideId "2501465"]
[PlyCount "123"]
[EventDate "2019.04.17"]
[HashCode "7aa1f158"]

{ Event information: <a
href="http://www.irlchess.com/irishopen2019_allfiles/pairings_irishopen2019.html">Tournament
report</a>. }

1. d4 d5 2. Bg5 f6 3. Bf4 c5 4. e3 cxd4 5. exd4 Bf5 6. Bd3 Qd7 7. Qh5+ g6
8. Bxf5 Qxf5 9. Qxf5 gxf5 10. Nc3 Nc6 11. Nf3 Bg7 12. O-O-O O-O-O 13. Rhe1
Bh6 14. Bxh6 Nxh6 15. Re6 Rhg8 16. g3 Nf7 17. Nh4 Ng5 18. Re3 e6 19. Ng2 e5
20. Ne2 Ne6 21. c3 Rge8 22. Nh4 f4 23. gxf4 exf4 24. Red3 Nc5 25. dxc5 Rxe2
26. R1d2 Rxd2 27. Kxd2 Ne5 28. Rd4 Nc4+ 29. Kc2 Re8 30. Rxd5 Ne5 31. Rd4
Nd7 32. b4 Re2+ 33. Rd2 Re1 34. Nf3 Rh1 35. Rd1 Rxd1 36. Kxd1 f5 37. Nd4
Nf6 38. Nxf5 Kd7 39. f3 Ke6 40. Nd4+ Ke5 41. Kd2 Nd5 42. b5 Ne3 43. c6 bxc6
44. bxc6 Kd6 45. Kd3 Nf1 46. Ke2 Ne3 47. Kd3 Nf1 48. Ke4 Nxh2 49. Kxf4 Nf1
50. Kg5 Ne3 51. f4 Nd5 52. f5 Ke7 53. Kh6 Nf6 54. c7 Kd7 55. Ne6 a5 56. Kg7
Ne8+ 57. Kxh7 Nd6 58. Kg6 a4 59. Nc5+ Kxc7 60. Nxa4 Kc6 61. f6 Kd5 62. f7
1-0

[Event "Irish International Open 2019"]
[Site "Dublin IRL"]
[Date "2019.04.20"]
[Round "5.22"]
[White "Moran, Darragh"]
[Black "Melaugh, Gavin"]
[Result "0-1"]
[WhiteElo "1844"]
[BlackElo "2109"]
[WhiteICU "1853"]
[BlackICU "2058"]
[WhiteClub "Gonzaga"]
[BlackClub "T.C.D."]
[WhiteNationality "IRL"]
[BlackNationality "IRL"]
[WhiteFideId "2510294"]
[BlackFideId "2509571"]
[PlyCount "46"]
[EventDate "2019.04.17"]
[ICUid "50197"]
[HashCode "34f9a1bf"]

{ Event information: <a
href="http://www.irlchess.com/irishopen2019_allfiles/pairings_irishopen2019.html">Tournament
report</a>. }

1. d4 Nf6 2. Nc3 d5 3. Bf4 c5 4. e3 cxd4 5. exd4 a6 6. Nf3 Nc6 7. Ne5 Qb6
8. Nxc6 Qxc6 9. Bd3 Bg4 10. f3 Bh5 11. O-O e6 12. Re1 Bb4 13. Bd2 O-O 14.
Ne2 Bd6 15. Bf4 Bxf4 16. Nxf4 Qb6 17. Kh1 Qxb2 18. g4 Bg6 19. Nxg6 hxg6 20.
f4 Qxd4 21. f5 Nxg4 22. c3 Nf2+ 23. Kg2 Qxd3 0-1

[Event "Irish International Open 2019"]
[Site "Dublin IRL"]
[Date "2019.04.20"]
[Round "5.24"]
[White "Murphy, Sean"]
[Black "Kersten, Julian"]
[Result "1-0"]
[WhiteElo "1853"]
[BlackElo "1996"]
[WhiteICU "1713"]
[WhiteClub "Elm Mount"]
[WhiteNationality "IRL"]
[BlackNationality "AUT"]
[WhiteFideId "2503778"]
[BlackFideId "1628542"]
[PlyCount "115"]
[EventDate "2019.04.17"]
[WhiteFullName "Murphy, Se&aacute;n"]
[ICUid "50199"]
[HashCode "77d7c652"]

{ Annotator: Alexander Baburin, <em>Chess Today</em> 117 (6745), 27 April
2019. } { Event information: <a
href="http://www.irlchess.com/irishopen2019_allfiles/pairings_irishopen2019.html">Tournament
report</a>. }

1. e4 c5 2. Nf3 e6 3. d4 cxd4 4. Nxd4 a6 5. Bd3 Nf6 6. O-O Qc7 7. Be3 d6 8.
Nc3 Nbd7 9. Qe2 b5 10. a3 Bb7 11. f3 Be7 12. Qf2 d5 13. exd5 Nxd5 14. Nxd5
Bxd5 15. Nb3 O-O 16. Rac1 Rfc8 17. Nd2 Ne5 18. Be2 Nc4 19. Nxc4 Bxc4 20.
Rfd1 Bd6 21. g3 Bd5 22. c3 Bc5 23. f4 Bxe3 24. Qxe3 Rd8 25. Rf1 Rd6 26. a4
Bc4 27. axb5 axb5 28. Ra1 Rad8 29. Bxc4 Qxc4 30. Qf3 Qb3 31. Rf2 g6 32. Ra8
Rd1+ 33. Kg2 Rxa8 34. Qxa8+ Kg7 35. Qe4 Rd5 36. g4 Qd1 37. Qf3 Qb3 38. h3
b4 39. cxb4 Qxb4 40. f5 gxf5 41. gxf5 Rxf5 42. Qg3+ Kf8 $4 ({ "Had Black
played } 42... Kf6 { , White would be struggling for a draw". }) 43. Rxf5
exf5 44. Qa3 $1 $18 Qe7 45. Kf3 Ke8 46. Qxe7+ Kxe7 47. Kf4 Kf6 48. h4 h6
49. h5 Ke6 50. b3 Kf6 51. b4 Ke6 52. b5 Kd5 53. Kxf5 Kc5 54. Kf6 Kxb5 55.
Kxf7 Kc6 56. Kg6 Kd7 57. Kxh6 Ke8 58. Kg7 1-0

[Event "Irish International Open 2019"]
[Site "Dublin IRL"]
[Date "2019.04.20"]
[Round "5.28"]
[White "Carroll, Peter"]
[Black "Goss, Alex"]
[Result "1-0"]
[WhiteElo "2006"]
[BlackElo "1765"]
[WhiteICU "2111"]
[BlackICU "1771"]
[WhiteClub "Gonzaga"]
[BlackClub "Elm Mount"]
[WhiteNationality "IRL"]
[BlackNationality "IRL"]
[WhiteFideId "2510243"]
[BlackFideId "2509407"]
[PlyCount "75"]
[EventDate "2019.04.17"]
[HashCode "4d4290f2"]

{ Event information: <a
href="http://www.irlchess.com/irishopen2019_allfiles/pairings_irishopen2019.html">Tournament
report</a>. }

1. e4 e6 2. d4 d5 3. Nc3 Bb4 4. e5 c5 5. a3 Bxc3+ 6. bxc3 Ne7 7. Qg4 Qc7 8.
Qxg7 Rg8 9. Qxh7 cxd4 10. Ne2 Nbc6 11. f4 Bd7 12. Qd3 Nf5 13. cxd4 Na5 14.
Rg1 Ba4 15. c3 a6 16. g4 Bb5 17. Qh3 Bxe2 18. Bxe2 O-O-O 19. Bd2 Rh8 20.
Qd3 Rdg8 21. h3 Qe7 22. g5 Nc4 23. Bg4 Qd7 24. a4 Nb2 25. Qc2 Nc4 26. Qd3
Nb2 27. Qc2 Nc4 28. Kf2 Rh4 29. Rgb1 Rgh8 30. Rb4 Nxd2 31. Qxd2 Rxg4 32.
hxg4 Rh2+ 33. Ke1 Rxd2 34. Kxd2 Ng3 35. Ke3 Qc6 36. Rc1 a5 37. Rb5 Qc4 38.
Rc5+ 1-0

[Event "Irish International Open 2019"]
[Site "Dublin IRL"]
[Date "2019.04.20"]
[Round "5.29"]
[White "Opseth, Oliver"]
[Black "Duffy, Seamus"]
[Result "0-1"]
[WhiteElo "1739"]
[BlackElo "1921"]
[BlackICU "1845"]
[BlackClub "Dun Laoghaire"]
[WhiteNationality "NOR"]
[BlackNationality "IRL"]
[WhiteFideId "1523813"]
[BlackFideId "2501708"]
[PlyCount "96"]
[EventDate "2019.04.17"]
[BlackFullName "Duffy, S&eacute;amus"]
[HashCode "6232f5f7"]

{ Event information: <a
href="http://www.irlchess.com/irishopen2019_allfiles/pairings_irishopen2019.html">Tournament
report</a>. }

1. d4 Nf6 2. Bf4 e6 3. Nf3 c5 4. e3 Qb6 5. Nc3 a6 6. Na4 Qa5+ 7. c3 cxd4 8.
b4 Bxb4 9. cxb4 Qxb4+ 10. Nd2 Nd5 11. Qb3 Nc6 12. Bd3 b5 13. Nb2 dxe3 14.
Bxe3 Nxe3 15. fxe3 Qc5 16. O-O Qxe3+ 17. Rf2 Bb7 18. Ne4 Qd4 19. Rd1 Na5
20. Qa3 Bxe4 21. Qxa5 O-O 22. Bb1 Qe5 23. Nc4 Qh5 24. Ne3 Bxb1 25. Rxb1 Qc5
26. Qd2 Rac8 27. Re1 d5 28. Ng4 Qc3 29. Qe2 Rc4 30. Rf3 Qa5 31. Rg3 Kh8 32.
Rf1 Re4 33. Qc2 Qa4 34. Qc5 Qd4+ 35. Qxd4 Rxd4 36. Ne5 f6 37. Rc3 Kg8 38.
Nd7 Rd8 39. Rc7 Rc4 40. Nc5 Rd6 41. Rb1 d4 42. a4 d3 43. axb5 d2 44. Rc8+
Kf7 45. Nd3 Rxc8 46. bxa6 Rxd3 47. a7 d1=Q+ 48. Rxd1 Rxd1+ 0-1

[Event "Irish International Open 2019"]
[Site "Dublin IRL"]
[Date "2019.04.20"]
[Round "5.30"]
[White "Farrelly, Eoin"]
[Black "Cafolla, Peter"]
[Result "0-1"]
[WhiteElo "1644"]
[BlackElo "1949"]
[WhiteICU "1384"]
[BlackICU "1931"]
[BlackClub "Rathmines"]
[WhiteNationality "IRL"]
[BlackNationality "IRL"]
[WhiteFideId "2510359"]
[BlackFideId "2500884"]
[PlyCount "125"]
[EventDate "2019.04.17"]
[HashCode "74119465"]

{ Event information: <a
href="http://www.irlchess.com/irishopen2019_allfiles/pairings_irishopen2019.html">Tournament
report</a>. }

1. d4 d5 2. c4 e6 3. Nc3 c5 4. cxd5 exd5 5. Nf3 Nc6 6. Bf4 Nf6 7. e3 c4 8.
Be2 Be7 9. O-O O-O 10. Ne5 Be6 11. Nxc6 bxc6 12. Qc2 Qd7 13. Rfd1 Bf5 14.
Qd2 Bb4 15. Bf3 Rfe8 16. Rac1 Bd3 17. a3 Ba5 18. Be2 Bg6 19. Re1 Qb7 20. f3
Nh5 21. Bd6 Re6 22. Bc5 Nf6 23. a4 Nd7 24. Ba3 Nb6 25. Bd1 Nd7 26. Bc2 Rae8
27. Bxg6 hxg6 28. Re2 f5 29. Rce1 Nf6 30. Qc2 Qb8 31. g3 Kf7 32. Kg2 Rh8
33. Rh1 Qe8 34. Qc1 g5 35. Bc5 f4 36. Kf2 Rh3 37. exf4 Qh8 38. Kg2 g4 39.
Rxe6 gxf3+ 40. Kxf3 Qh5+ 41. Kg2 Kxe6 42. Qe3+ Kf7 43. Bxa7 Bxc3 44. bxc3
Ng4 45. Qe2 Rxh2+ 46. Rxh2 Qxh2+ 47. Kf3 Qh5 48. Bc5 Nf6+ 49. Ke3 Qh1 50.
Kd2 Qa1 51. Qd1 Ne4+ 52. Kc2 Qxa4+ 53. Kc1 Qa1+ 54. Kc2 Qxc3+ 55. Kb1 Qxg3
56. Ka1 Qc3+ 57. Kb1 Nd2+ 58. Ka2 Qb3+ 59. Qxb3 Nxb3 60. Bb6 Ke6 61. Kb2
Kf5 62. Bc7 Ke4 63. Kc2 0-1

[Event "Irish International Open 2019"]
[Site "Dublin IRL"]
[Date "2019.04.20"]
[Round "5.31"]
[White "Moran, Hugh"]
[Black "Remenyik, David"]
[Result "1-0"]
[WhiteElo "1522"]
[BlackElo "1798"]
[WhiteICU "1571"]
[BlackICU "1844"]
[WhiteClub "Gonzaga"]
[WhiteNationality "IRL"]
[BlackNationality "IRL"]
[WhiteFideId "2511100"]
[BlackFideId "368178515"]
[PlyCount "85"]
[EventDate "2019.04.17"]
[HashCode "56aa8380"]

{ Event information: <a
href="http://www.irlchess.com/irishopen2019_allfiles/pairings_irishopen2019.html">Tournament
report</a>. }

1. e4 e6 2. d4 d5 3. Nc3 Nf6 4. Bg5 Be7 5. e5 Nfd7 6. h4 h6 7. Bd2 a6 8.
Qg4 Kf8 9. Nf3 c5 10. Ne2 Nc6 11. Qf4 Qc7 12. c3 b5 13. g4 cxd4 14. cxd4
Nb6 15. Ng3 Nb4 16. Rc1 Qd7 17. a3 Nc6 18. g5 hxg5 19. hxg5 Rxh1 20. Nxh1
g6 21. Qh4 Ke8 22. Qh8+ Bf8 23. Nh2 Nc4 24. Ng4 Qe7 25. Nf6+ Kd8 26. Bxc4
bxc4 27. Bc3 Bb7 28. f4 Kc7 29. Nf2 a5 30. N2g4 Qd8 31. Qh7 Kb8 32. Qxf7
Bc8 33. Qxg6 Ra7 34. Qc2 Qb6 35. Qd2 Ne7 36. b4 a4 37. Ke2 Nf5 38. Ne3 Ng3+
39. Kf2 Nf5 40. Nxf5 exf5 41. Rh1 Be6 42. Rh8 Rf7 43. g6 1-0

[Event "Irish International Open 2019"]
[Site "Dublin IRL"]
[Date "2019.04.20"]
[Round "5.32"]
[White "Bergin, Cian"]
[Black "Scott, Luke"]
[Result "0-1"]
[WhiteElo "1512"]
[BlackElo "1881"]
[BlackICU "1976"]
[BlackClub "T.C.D."]
[WhiteNationality "IRL"]
[BlackNationality "IRL"]
[WhiteFideId "2512572"]
[BlackFideId "2507986"]
[PlyCount "100"]
[EventDate "2019.04.17"]
[HashCode "5d582d50"]

{ Event information: <a
href="http://www.irlchess.com/irishopen2019_allfiles/pairings_irishopen2019.html">Tournament
report</a>. }

1. e4 Nc6 2. d4 e5 3. Nf3 d6 4. dxe5 Nxe5 5. Nxe5 dxe5 6. Qxd8+ Kxd8 7. Bc4
f6 8. O-O c6 9. Be3 Bd6 10. a4 Ke7 11. Nd2 Be6 12. Bxe6 Kxe6 13. Nc4 Bc7
14. b4 Ne7 15. f3 Nc8 16. Rfd1 Nb6 17. Nxb6 axb6 18. c4 Rhd8 19. Rxd8 Rxd8
20. c5 Rd3 21. cxb6 Rxe3 22. bxc7 Kd7 23. Rb1 Ra3 24. a5 Kxc7 25. Rb2 b6
26. axb6+ Kxb6 27. Rc2 Rb3 28. Rc4 Rb2 29. h4 Rd2 30. g4 Rd4 31. Rc3 Rxb4
32. Kf2 c5 33. g5 Kb5 34. Kg3 c4 35. gxf6 gxf6 36. Rc1 h5 37. Rd1 c3 38.
Kf2 Rb2+ 39. Ke3 Kc4 40. Rd8 Rh2 41. Rc8+ Kb3 42. Rb8+ Kc2 43. Rb6 Kc1 44.
Rc6 c2 45. Rxf6 Rxh4 46. Rd6 Rh2 47. Rd5 h4 48. Rxe5 Rd2 49. Rg5 h3 50. Ra5
Kd1 0-1

[Event "Irish International Open 2019"]
[Site "Dublin IRL"]
[Date "2019.04.20"]
[Round "5.33"]
[White "Kalam, Abul"]
[Black "Loughran, John"]
[Result "1-0"]
[WhiteElo "1804"]
[BlackElo "1669"]
[WhiteICU "1721"]
[BlackICU "1548"]
[WhiteClub "Rathmines"]
[BlackClub "Skerries"]
[WhiteNationality "IRL"]
[BlackNationality "IRL"]
[WhiteFideId "2501007"]
[BlackFideId "2501562"]
[PlyCount "85"]
[EventDate "2019.04.17"]
[HashCode "5388eeb9"]

{ Event information: <a
href="http://www.irlchess.com/irishopen2019_allfiles/pairings_irishopen2019.html">Tournament
report</a>. }

1. e4 c5 2. Nf3 e6 3. Be2 Nc6 4. c3 d5 5. exd5 Qxd5 6. d3 Nf6 7. Nbd2 Be7
8. Qc2 b6 9. Ne4 O-O 10. O-O Bb7 11. Bg5 Qd8 12. Ne1 Nd5 13. Qd2 f5 14.
Bxe7 Qxe7 15. Ng5 h6 16. Nh3 g5 17. f3 Rad8 18. Nc2 Qg7 19. Ne3 Nf6 20. Nf2
Rd7 21. Qc2 Rfd8 22. Qb3 Qe7 23. Nxf5 Qe8 24. Nxh6+ Kg7 25. Nhg4 Nd5 26.
Nh3 Nf4 27. Nxf4 gxf4 28. Rfe1 Ba6 29. Rad1 e5 30. Qa4 Bb7 31. d4 cxd4 32.
Bb5 Qe6 33. cxd4 Rxd4 34. Rxd4 Rxd4 35. Qc2 Qd6 36. Bxc6 Bxc6 37. Nxe5 Ba4
38. b3 Bb5 39. Qf5 Be8 40. Qg5+ Kf8 41. Nc4 Qg6 42. Qe5 Rd8 43. Qe7+ 1-0

[Event "Irish International Open 2019"]
[Site "Dublin IRL"]
[Date "2019.04.20"]
[Round "5.34"]
[White "Putar, Leon"]
[Black "Boyle, Bernard"]
[Result "1-0"]
[WhiteElo "1549"]
[BlackElo "1799"]
[WhiteICU "1651"]
[BlackICU "1708"]
[BlackClub "Elm Mount"]
[WhiteNationality "CRO"]
[BlackNationality "IRL"]
[WhiteFideId "14546612"]
[BlackFideId "2501830"]
[PlyCount "57"]
[EventDate "2019.04.17"]
[HashCode "39465be7"]

{ Event information: <a
href="http://www.irlchess.com/irishopen2019_allfiles/pairings_irishopen2019.html">Tournament
report</a>. }

1. e4 e6 2. d4 d5 3. Nd2 Be7 4. Ngf3 Nf6 5. Bd3 c5 6. e5 Nfd7 7. c3 b6 8.
O-O Ba6 9. Bxa6 Nxa6 10. Re1 b5 11. a3 c4 12. a4 b4 13. Nf1 Rb8 14. Bd2 b3
15. Ng3 h5 16. h3 Nf8 17. Rf1 g5 18. Nh2 g4 19. hxg4 h4 20. Nh5 Kd7 21. Qf3
Qe8 22. Ng7 Qd8 23. Qxf7 Nc7 24. f4 Ne8 25. Nxe8 Qxe8 26. Qxe8+ Rxe8 27. f5
Nh7 28. f6 Ref8 29. g5 1-0

[Event "Irish International Open 2019"]
[Site "Dublin IRL"]
[Date "2019.04.20"]
[Round "5.35"]
[White "Halvorsen, Benjamin"]
[Black "Avetisyan, Gagik"]
[Result "1-0"]
[WhiteElo "1767"]
[BlackElo "1474"]
[BlackICU "1541"]
[BlackClub "Armenian C.C."]
[WhiteNationality "NOR"]
[BlackNationality "IRL"]
[WhiteFideId "1516604"]
[BlackFideId "2512270"]
[PlyCount "75"]
[EventDate "2019.04.17"]
[HashCode "48199eab"]

{ Event information: <a
href="http://www.irlchess.com/irishopen2019_allfiles/pairings_irishopen2019.html">Tournament
report</a>. }

1. e4 e6 2. d4 d5 3. Nc3 dxe4 4. Nxe4 Bd7 5. Nf3 Bc6 6. Bd3 Nd7 7. O-O Ngf6
8. Qe2 a6 9. c4 Be7 10. Bd2 O-O 11. Rfe1 Re8 12. Bc3 Bf8 13. Qc2 h6 14.
Nxf6+ Nxf6 15. Ne5 Qd6 16. Re3 b5 17. Nxc6 Qxc6 18. d5 exd5 19. cxd5 Nxd5
20. Bh7+ Kh8 21. Bxg7+ Bxg7 22. Qxc6 Nxe3 23. fxe3 Kxh7 24. Rf1 Bxb2 25.
Rxf7+ Bg7 26. Qxc7 Rg8 27. Qc2+ Kh8 28. Qg6 Rad8 29. Kf2 Rd2+ 30. Kf3 Rxa2
31. Rxg7 Rxg7 32. Qxh6+ Kg8 33. Qe6+ Rf7+ 34. Kg3 Ra3 35. Kg4 b4 36. Kg5
Ra5+ 37. Kh6 Rf5 38. Qe8+ 1-0

[Event "Irish International Open 2019"]
[Site "Dublin IRL"]
[Date "2019.04.20"]
[Round "5.37"]
[White "Jordan, Felix"]
[Black "Putar, Lara"]
[Result "0-1"]
[WhiteElo "1538"]
[BlackElo "1641"]
[WhiteICU "1442"]
[BlackICU "1506"]
[WhiteClub "St. Benildus"]
[WhiteNationality "IRL"]
[BlackNationality "CRO"]
[WhiteFideId "2510324"]
[BlackFideId "14546604"]
[PlyCount "56"]
[EventDate "2019.04.17"]
[HashCode "33782dfe"]

{ Event information: <a
href="http://www.irlchess.com/irishopen2019_allfiles/pairings_irishopen2019.html">Tournament
report</a>. }

1. e4 c6 2. d4 d5 3. Nc3 dxe4 4. Nxe4 Bf5 5. Ng3 Bg6 6. h4 h6 7. h5 Bh7 8.
Nf3 Nd7 9. Bd3 Bxd3 10. Qxd3 Ngf6 11. Ne4 e6 12. Bf4 Nxe4 13. Qxe4 Nf6 14.
Qd3 Bb4+ 15. c3 Be7 16. O-O-O O-O 17. Rdg1 Qd5 18. g4 Ne4 19. Qe2 Ng5 20.
Ne5 Qxa2 21. Qe3 Nh7 22. Bg3 a5 23. f4 a4 24. Bh4 a3 25. Nd3 axb2+ 26. Nxb2
Ba3 27. Kd1 Qxb2 28. g5 Be7 0-1

[Event "Irish International Open 2019"]
[Site "Dublin IRL"]
[Date "2019.04.20"]
[Round "5.38"]
[White "Whelan, Niall P."]
[Black "Fitzpatrick, Kevin"]
[Result "1-0"]
[WhiteElo "1620"]
[BlackElo "1427"]
[WhiteICU "1373"]
[BlackICU "1249"]
[WhiteClub "Rathmines"]
[BlackClub "Galway"]
[WhiteNationality "IRL"]
[BlackNationality "IRL"]
[WhiteFideId "2500809"]
[BlackFideId "2505886"]
[PlyCount "95"]
[EventDate "2019.04.17"]
[HashCode "5eab3e74"]

{ Event information: <a
href="http://www.irlchess.com/irishopen2019_allfiles/pairings_irishopen2019.html">Tournament
report</a>. }

1. e4 b6 2. d4 e6 3. Nf3 d6 4. Bd3 h6 5. Nc3 a6 6. b3 Bb7 7. Bb2 g6 8. O-O
Bg7 9. Ne2 Nd7 10. Ng3 Ne7 11. c4 c6 12. Qe2 Qc7 13. h4 Bc8 14. Rac1 Bb7
15. a4 h5 16. Rc2 f6 17. Ba3 Nf8 18. Re1 Qd8 19. Rd1 Qd7 20. e5 d5 21. exf6
Bxf6 22. Ne5 Bxe5 23. Qxe5 Rg8 24. Qg5 Nh7 25. Qxe7+ Qxe7 26. Bxe7 Kxe7 27.
Re2 Nf8 28. Rc1 Kd7 29. Re5 Re8 30. Rg5 Rg7 31. Nxh5 Rf7 32. g3 dxc4 33.
bxc4 c5 34. dxc5 bxc5 35. Nf4 Rg7 36. Rb1 Kc6 37. Be4+ Kc7 38. Rxb7+ Kd6
39. Rb6+ Kc7 40. Rc6+ Kb8 41. Rgxc5 g5 42. hxg5 Nd7 43. Ra5 e5 44. Nd3 Rc8
45. Rcxa6 Kc7 46. Nxe5 Rxg5 47. Ra7+ Kb6 48. Nxd7# 1-0

[Event "Irish International Open 2019"]
[Site "Dublin IRL"]
[Date "2019.04.20"]
[Round "5.42"]
[White "Dimitrov, Nikolai"]
[Black "Pitkeathly, Hamish"]
[Result "0-1"]
[WhiteElo "1411"]
[BlackElo "1511"]
[WhiteICU "1131"]
[WhiteClub "Skerries"]
[WhiteNationality "IRL"]
[BlackNationality "ENG"]
[WhiteFideId "2511649"]
[BlackFideId "426768"]
[PlyCount "56"]
[EventDate "2019.04.17"]
[HashCode "32a7ebdf"]

{ Event information: <a
href="http://www.irlchess.com/irishopen2019_allfiles/pairings_irishopen2019.html">Tournament
report</a>. }

1. c4 c5 2. Nf3 Nc6 3. e3 b6 4. d4 cxd4 5. exd4 d6 6. Nc3 Nf6 7. h3 g6 8.
Bf4 Bg7 9. g4 O-O 10. Qd2 Bd7 11. Be2 Re8 12. Bg3 Rc8 13. a3 Na5 14. Qc1
Nxc4 15. Ra2 e5 16. dxe5 dxe5 17. Qd1 e4 18. Nd2 Nxd2 19. Qxd2 Qe7 20. O-O
Bc6 21. Bh4 Qe6 22. Qf4 Nd5 23. Nxd5 Qxd5 24. Raa1 e3 25. f3 Qc5 26. b4 Qe5
27. Qxe5 Bxe5 28. Rac1 Bd5 0-1

[Event "Irish International Open 2019"]
[Site "Dublin IRL"]
[Date "2019.04.20"]
[Round "5.43"]
[White "Tempany, Max"]
[Black "Carolan, James"]
[Result "1-0"]
[WhiteElo "1519"]
[BlackElo "1268"]
[WhiteICU "1400"]
[BlackICU "1243"]
[WhiteClub "Gonzaga"]
[BlackClub "Sligo"]
[WhiteNationality "IRL"]
[BlackNationality "IRL"]
[WhiteFideId "2511452"]
[BlackFideId "2513072"]
[PlyCount "83"]
[EventDate "2019.04.17"]
[HashCode "58459f3e"]

{ Event information: <a
href="http://www.irlchess.com/irishopen2019_allfiles/pairings_irishopen2019.html">Tournament
report</a>. }

1. e4 c5 2. Nf3 d6 3. d4 cxd4 4. Nxd4 Nf6 5. Nc3 a6 6. Be3 Ng4 7. Bc1 e5 8.
Nb3 Qb6 9. Qe2 Be6 10. f3 Nf6 11. Be3 Qc7 12. O-O-O Be7 13. g4 Bxb3 14.
axb3 h6 15. h4 Nbd7 16. Qg2 g6 17. g5 hxg5 18. hxg5 Rxh1 19. Qxh1 Nh5 20.
Nd5 Qc6 21. Bh3 Bf8 22. Bxd7+ Qxd7 23. Nb6 Qd8 24. Nxa8 Qxa8 25. Qf1 Nf4
26. Bxf4 exf4 27. Qc4 Qd8 28. Qa4+ Ke7 29. e5 Ke6 30. Qc4+ d5 31. Qxf4 Bg7
32. Re1 Qa5 33. Re2 Qa1+ 34. Kd2 Qa5+ 35. c3 Qc7 36. Qg4+ Ke7 37. e6 f5 38.
Qb4+ Ke8 39. e7 b5 40. Qh4 a5 41. Qh7 Qf4+ 42. Kc2 1-0

[Event "Irish International Open 2019"]
[Site "Dublin IRL"]
[Date "2019.04.20"]
[Round "5.44"]
[White "O'Connell, Michael Joseph"]
[Black "Saynajakangas, Kirsi"]
[Result "0-1"]
[WhiteElo "1508"]
[BlackElo "1693"]
[WhiteICU "1235"]
[WhiteClub "Curragh"]
[WhiteNationality "IRL"]
[BlackNationality "FIN"]
[WhiteFideId "2507676"]
[BlackFideId "502294"]
[PlyCount "50"]
[EventDate "2019.04.17"]
[HashCode "397ec508"]

{ Event information: <a
href="http://www.irlchess.com/irishopen2019_allfiles/pairings_irishopen2019.html">Tournament
report</a>. }

1. d4 f5 2. Bf4 Nf6 3. e3 g6 4. Bd3 Bg7 5. Nf3 d6 6. c3 O-O 7. Nbd2 Qe8 8.
Qc2 Kh8 9. e4 fxe4 10. Nxe4 Nxe4 11. Bxe4 Rxf4 12. g3 Rf8 13. Nh4 Rf6 14.
O-O-O Nc6 15. f4 Qf7 16. d5 Nb8 17. Ng2 Nd7 18. g4 Nc5 19. g5 Rxf4 20. Bxg6
hxg6 21. Nxf4 Qxf4+ 22. Rd2 Ne4 23. Qd1 Qxg5 24. Rg1 Qxd2+ 25. Qxd2 Nxd2
0-1